<?xml version="1.0" encoding="UTF-8"?>
<record
    xmlns:xsi="http://www.w3.org/2001/XMLSchema-instance"
    xsi:schemaLocation="http://www.loc.gov/MARC21/slim http://www.loc.gov/standards/marcxml/schema/MARC21slim.xsd"
    xmlns="http://www.loc.gov/MARC21/slim">

  <leader>01984nam a22002897a 4500</leader>
  <controlfield tag="008">251114b        |||||||| |||| 00| 0 eng d</controlfield>
  <datafield tag="020" ind1=" " ind2=" ">
    <subfield code="a">9781035009640</subfield>
  </datafield>
  <datafield tag="040" ind1=" " ind2=" ">
    <subfield code="c">TBS</subfield>
  </datafield>
  <datafield tag="050" ind1=" " ind2=" ">
    <subfield code="a">PL872.5.A74 </subfield>
    <subfield code="b">K3713 2024</subfield>
  </datafield>
  <datafield tag="100" ind1=" " ind2=" ">
    <subfield code="a">Kashiwai, Hisashi</subfield>
    <subfield code="d">1952-</subfield>
    <subfield code="9">26167</subfield>
    <subfield code="e">author</subfield>
  </datafield>
  <datafield tag="240" ind1=" " ind2=" ">
    <subfield code="a">Kamogawa shokud&#x14D; okawari. </subfield>
    <subfield code="l">English</subfield>
  </datafield>
  <datafield tag="245" ind1=" " ind2=" ">
    <subfield code="a">The restaurant of lost recipes </subfield>
    <subfield code="c">/ Hisashi Kashiwai ; translated by Jesse Kirkwood.</subfield>
  </datafield>
  <datafield tag="260" ind1=" " ind2=" ">
    <subfield code="a">New York, NY : </subfield>
    <subfield code="b">Pan Books, </subfield>
    <subfield code="c">2025.</subfield>
  </datafield>
  <datafield tag="300" ind1=" " ind2=" ">
    <subfield code="a">212 pages ;</subfield>
    <subfield code="c">20 cm.</subfield>
  </datafield>
  <datafield tag="490" ind1=" " ind2=" ">
    <subfield code="a">Kamogawa food detectives novel ; </subfield>
    <subfield code="v">bk 2</subfield>
  </datafield>
  <datafield tag="520" ind1=" " ind2=" ">
    <subfield code="a">We all hold lost recipes in our hearts. A very special restaurant in Kyoto helps find them ... Tucked away down a Kyoto backstreet lies the extraordinary Kamogawa Diner, run by Chef Nagare and his daughter, Koishi. The father-daughter duo have reinvented themselves as "food detectives," offering a service that goes beyond cooking mouth-watering meals. Through their culinary sleuthing, they revive lost recipes and rekindle forgotten memories. From the Olympic swimmer who misses his estranged father's bento lunchbox to the one-hit-wonder pop star who remembers the tempura she ate to celebrate her only successful record, each customer leaves the diner forever changed -- though not always in the ways they expect ... The Kamogawa Diner doesn't just serve meals -- it's a door to the past through the miracle of delicious food. A beloved bestseller in Japan, 'The Restaurant of Lost Recipes' is a tender and healing novel for fans of 'Before the Coffee Gets Cold'.</subfield>
  </datafield>
  <datafield tag="650" ind1=" " ind2="0">
    <subfield code="a">Fathers and daughters</subfield>
    <subfield code="v">Fiction</subfield>
    <subfield code="9">22885</subfield>
  </datafield>
  <datafield tag="650" ind1=" " ind2="0">
    <subfield code="a">Food</subfield>
    <subfield code="v">Fiction</subfield>
    <subfield code="9">26510</subfield>
  </datafield>
  <datafield tag="650" ind1=" " ind2="0">
    <subfield code="a">Formulas, recipes, etc.</subfield>
    <subfield code="v">Fiction</subfield>
    <subfield code="9">26511</subfield>
  </datafield>
  <datafield tag="650" ind1=" " ind2="0">
    <subfield code="a">Happiness</subfield>
    <subfield code="v">Fiction</subfield>
    <subfield code="9">26512</subfield>
  </datafield>
  <datafield tag="650" ind1=" " ind2="0">
    <subfield code="a">Memory</subfield>
    <subfield code="v">Fiction</subfield>
    <subfield code="9">10588</subfield>
  </datafield>
  <datafield tag="650" ind1=" " ind2="0">
    <subfield code="a">Restaurants</subfield>
    <subfield code="z">Japan</subfield>
    <subfield code="v">Fiction</subfield>
    <subfield code="9">26513</subfield>
  </datafield>
  <datafield tag="651" ind1=" " ind2="0">
    <subfield code="a">Kyoto (Japan)</subfield>
    <subfield code="v">Fiction</subfield>
    <subfield code="9">26514</subfield>
  </datafield>
  <datafield tag="655" ind1=" " ind2="0">
    <subfield code="a">Detective and mystery fiction</subfield>
    <subfield code="9">23664</subfield>
  </datafield>
  <datafield tag="700" ind1=" " ind2=" ">
    <subfield code="a">Kirkwood, Jesse</subfield>
    <subfield code="9">26515</subfield>
    <subfield code="e">translator</subfield>
  </datafield>
  <datafield tag="942" ind1=" " ind2=" ">
    <subfield code="2">lcc</subfield>
  </datafield>
  <datafield tag="952" ind1=" " ind2=" ">
    <subfield code="0">0</subfield>
    <subfield code="1">0</subfield>
    <subfield code="2">lcc</subfield>
    <subfield code="4">0</subfield>
    <subfield code="7">0</subfield>
    <subfield code="a">TBS</subfield>
    <subfield code="b">TBS</subfield>
    <subfield code="d">2025-11-14</subfield>
    <subfield code="l">2</subfield>
    <subfield code="o">P-EN KAS</subfield>
    <subfield code="p">B05641</subfield>
    <subfield code="r">2026-05-15</subfield>
    <subfield code="s">2026-02-02</subfield>
    <subfield code="t">1</subfield>
    <subfield code="w">2025-11-14</subfield>
    <subfield code="y">1</subfield>
  </datafield>
  <datafield tag="999" ind1=" " ind2=" ">
    <subfield code="c">5182</subfield>
    <subfield code="d">5182</subfield>
  </datafield>
</record>
